000 00262nam a22001097a 4500
082 _a894.812
_bBAB/M
100 _aBABU,ULLALA
245 _aMAHANMARUDE RASAMULLA KADHAKALUM VACHANANGALUM
260 _bSHARON BOOKS
650 _aSTORY & QUOTES
_zKERALA
942 _cBK
999 _c1784
_d1784